01456nam a2200373Ia 4500001001200000003000800012006001900020007001500039008004100054020001800095020001800113040002100131035002100152041001300173050002700186245011500213260002700328300002400355490002100379500010500400504005100505533015200556650001500708650002000723655002900743700002000772700002800792700002100820710005900841710001700900830002200917856012600939999001701065ebr10688719CaPaEBRm u cr cn|||||||||130502s1999 fr a sb 001 0 eng d z9782759204724 z9782738008619 aCaPaEBRcCaPaEBR a(OCoLC)8470014941 aenghfre14aQP246b.B63713 1999 eb00aBiology of lactationh[electronic resource] /cJack Martinet, Louis-Marie Houdebine, Herbert-H. Head, editors. aParis :bINRA,cc1999. axvi, 670 p. :bill.1 aMieux comprendre aOriginally published in French under the title: Biologie de la lactation. Paris : INSERM/INRA, 1993. aIncludes bibliographical references and index. aElectronic reproduction.bPalo Alto, Calif. :cebrary,d2013.nAvailable via World Wide Web.nAccess may be limited to ebrary affiliated libraries. 0aLactation. 0aMammary glands. 7aElectronic books.2local1 aMartinet, Jack.1 aHoudebine, Louis-Marie.1 aHead, Herbert-H.2 aInstitut national de la recherche agronomique (France)2 aebrary, Inc. 0aMieux comprendre.40uhttp://site.ebrary.com/lib/rucke/Doc?id=10688719zAn electronic book accessible through the World Wide Web; click to view c12124d12124